Countries by Capitals: Asia Quiz Stats

Quiz Updated May 10, 2017

Challenge
Share
Tweet
Embed
Score 0/49 Timer 04:00
0 Plays Today
Question Answer Wrong Answers
Moscow Russia
92.8%
Georgia
0.2%
Azerbaijan
0.1%
Armenia
0.1%
Tokyo Japan
92.6%
China
0.3%
Taiwan
0.2%
Mongolia
0.1%
Beijing China
92.2%
Taiwan
0.4%
Japan
0.4%
Vietnam
0.1%
Kuwait City Kuwait
91.5%
Bahrain
0.4%
Oman
0.3%
Iraq
1.1%
New Delhi India
91.4%
Indonesia
0.7%
Pakistan
0.6%
Nepal
0.7%
Bangkok Thailand
91.2%
Cambodia
1%
Myanmar
0.3%
Malaysia
0.9%
Seoul South Korea
90.5%
North Korea
1.9%
Cambodia
0.3%
Laos
0.4%
Taipei Taiwan
89.7%
Hongkong
2.4%
China
0.9%
Japan
0.3%
Singapore Singapore
88.6%
Malaysia
2.5%
Thailand
1.8%
Brunei
0.3%
Jerusalem Israel
87.9%
Palestine
4%
Lebanon
0.3%
Jordan
0.9%
Manila Philippines
87.2%
Indonesia
2.3%
Malaysia
2.8%
Taiwan
0.9%
Abu Dhabi United Arab Emirates
85.5%
Qatar
5%
Oman
1.3%
Yemen
1.3%
Hanoi Vietnam
85.1%
Laos
3.3%
Cambodia
3.7%
South Korea
1.1%
Tehran Iran
85%
Iraq
3.7%
Afghanistan
2.1%
Pakistan
2.2%
Amman Jordan
84.6%
Iraq
1.3%
Israel
1.1%
Palestine
5.6%
Jakarta Indonesia
83.8%
Malaysia
4.9%
Philippines
3.2%
Thailand
1.4%
Kathmandu Nepal
83.3%
Bhutan
3.4%
Bangladesh
3.7%
Myanmar
2.5%
Baghdad Iraq
83%
Iran
4.3%
Afghanistan
4.3%
Pakistan
1.7%
Pyongyang North Korea
81.9%
South Korea
4%
Cambodia
4.2%
Laos
3%
Ankara Turkey
81.5%
Cyprus
5.5%
Syria
2.5%
Armenia
3.6%
Kabul Afghanistan
81%
Iran
3.7%
Iraq
6%
Tajikistan
2.3%
Kuala Lumpur Malaysia
80.6%
Indonesia
8.2%
Thailand
2.6%
Timor-Leste
1.8%
Beirut Lebanon
80.2%
Syria
2.8%
Jordan
4.7%
Kuwait
5.3%
Damascus Syria
79.6%
Iraq
1.1%
Lebanon
7.5%
Palestine
4.9%
Phnom Penh Cambodia
78.7%
Laos
9.8%
North Korea
3%
South Korea
1.4%
Vientiane Laos
78.2%
Cambodia
12.6%
South Korea
0.7%
North Korea
1%
Ulaanbaatar Mongolia
76.6%
China
0.2%
Kazakhstan
7.9%
Tajikistan
8%
Islamabad Pakistan
75.9%
Afghanistan
8.1%
Iran
5.5%
Tajikistan
3.6%
Riyadh Saudi Arabia
74.6%
Oman
5.5%
Yemen
6.7%
Qatar
6.1%
Dhaka Bangladesh
69.8%
Myanmar
8.6%
Nepal
8.5%
Pakistan
5.9%
Ramallah Palestine
69.4%
Israel
1.6%
Lebanon
14%
Syria
7.5%
Muscat Oman
68.7%
Yemen
12.4%
United Arab Emirates
2.8%
Qatar
8.6%
Tbilisi Georgia
68.2%
Armenia
10.1%
Azerbaijan
13.2%
Iran
0.9%
Doha Qatar
68.1%
Bahrain
9.5%
United Arab Emirates
5.1%
Oman
9.9%
Sri Jayawardenapura Kotte Sri Lanka
66.3%
Timor-Leste
12.2%
Brunei
7.7%
Maldives
6.5%
Male Maldives
65.9%
Sri Lanka
4.3%
Seychelles
18.1%
Bahrain
4%
Bandar Seri Begawan Brunei
64.6%
Singapore
2.2%
Malaysia
4.2%
Timor-Leste
21.1%
Manama Bahrain
63.8%
Qatar
11.2%
Jordan
9.2%
Kuwait
7.8%
Baku Azerbaijan
62.1%
Uzbekistan
14.1%
Turkmenistan
8.1%
Tajikistan
7.7%
Thimphu Bhutan
62%
Myanmar
7.3%
Bangladesh
4.5%
Timor-Leste
18.1%
Sana'a Yemen
60.4%
Oman
14%
Saudi Arabia
2.4%
Bahrain
15.4%
Naypyidaw Myanmar
59.9%
Bangladesh
10.6%
Sri Lanka
11.4%
Nepal
10.1%
Yerevan Armenia
58.9%
Georgia
10.2%
Azerbaijan
13.1%
Turkmenistan
9.7%
Bishkek Kyrgyzstan
54.3%
Kazakhstan
12%
Turkmenistan
15.3%
Sporclistan
10.5%
Astana Kazakhstan
51.5%
Kyrgyzstan
15.4%
Turkmenistan
12.9%
Tajikistan
12%
Dili Timor-Leste
50.7%
Brunei
8.8%
Maldives
11.2%
Papua New Guinea
21%
Tashkent Uzbekistan
44.2%
Tajikistan
20.3%
Turkmenistan
17.2%
Kazakhstan
10.2%
Dushanbe Tajikistan
43.6%
Turkmenistan
19.4%
Uzbekistan
18.8%
Kazakhstan
9.6%
Ashgabat Turkmenistan
39%
Tajikistan
17.2%
Uzbekistan
16.5%
Kyrgyzstan
18.8%

You're not logged in!

Compare scores with friends on all Sporcle quizzes.
Join for Free
OR
Log In

You Might Also Like...

Show Comments

Extras

Top Quizzes Today


Score Distribution

Your Account Isn't Verified!

In order to create a playlist on Sporcle, you need to verify the email address you used during registration. Go to your Sporcle Settings to finish the process.

Report this User

Report this user for behavior that violates our Community Guidelines.

Details: